000 00909cam a22002655a 4500
001 E146704
008 090218s2008 xxk f 000 0 eng d
020 _a9781847980885
035 _a(Sirsi) u146704
041 0 _aeng
110 2 _aAccounting Standards Board
_93454
245 0 0 _aHeritage assets
_b42
260 _aKingston
_bASB
_c2008
300 _a46p.
_c21cm.
350 _a2.50
490 0 _aASB Financial Reporting Exposure Draft
490 0 _aASB Financial Reporting Standard
505 2 _aDraft financial reporting standard "Heritage Assets" -- Appendices to the FRED
520 _aSets out proposals for a new Financial Reporting Standard on Heritage Assets. Deadline for comments is 10 October 2008.
521 _aExpert
590 _aKA
651 4 _aUnited Kingdom
_y
690 _aMANAGEMENT-BUSINESS MANAGEMENT-FINANCIAL MANAGEMENT-ACCOUNTING-FINANCIAL REPORTING
942 _n0
999 _c109258
_d109258